00998cam a2200325 a 45000010005000000030006000050050017000110080041000280100017000690200015000860200018001010200027001190400023001460420009001690500024001780820014002021000021002162450032002372500046002692600035003153000023003505050008003735200148003815210020005295210020005495860036005696500022006056500023006276500022006502859FISKH20260403160824.0961127s1997 nyu c 000 1 eng  a 96037897  a0060249137 a9780590037105 a0060249145 (lib. bdg.) aDLCcDLCdDLCbeng alcac00aPZ7.S75663bWr 199700a[Fic]2211 aSpinelli, Jerry.10aWringer /cSpinelli. Jerry  aFirst Scholastic printing, September 1998 aNew York :bScholastic, c1997 a228 pages :c20 cm aR  aAs Palmer comes of age, he must either accept the violence of being a wringer at his town's annual Pigeon Day or find the courage to oppose it.8 a690 bLexile 8 aR bRaz-Plus  aNewbery Medal Honor Book, 1998. 1aCouragexFiction. 1aViolencexFiction. 1aPigeonsxFiction.